000 00559pab a2200157 454500
008 180718b xxu||||| |||| 00| 0 eng d
100 _aJoshi Janak Raj
245 _aMobilisation of public sector unions in the management of human resources
362 _a69(2), Mar 1994, p.19-31
650 _a Personnel Management
650 _a Human Resource Management -- Nepal
650 _a Government Business Enterprise Employees -- Trade Unions -- Nepal
650 _aTrade Unions -- Government Business Enterprise -- Nepal
773 _aPrashasan
909 _a27643
999 _c27643
_d27643